Architektonické a urbanistické koncepcie modernizmu a tradičné mesto. Neskorý modernizmus v prostredí slovenských kúpeľov.

Guardado en:
Detalles Bibliográficos
Autor principal: Zaiček, Martin (Autor)
Otros Autores: Moravčíková, Henrieta (Orientador)
Formato: Manuscrito Libro
Lenguaje:eslovaco
Publicado: Bratislava 2019
Materias:
Acceso en línea:http://is.stuba.sk/zp/portal_zp.pl?podrobnosti=120123
Etiquetas: Agregar Etiqueta
Sin Etiquetas, Sea el primero en etiquetar este registro!

MARC

LEADER 00000ntm a22000003a 4500
001 stuzp49163
003 SK-STU
005 20230316125557.8
007 ta
008 150427s2015----xo-----f-mn---000-0-slo-d
035 |a biblio/135401  |2 CREPC2 
040 |a STU  |b slo 
041 0 |a slo  |b eng 
044 |a xo 
100 1 |a Zaiček, Martin  |u 053130  |4 aut  |9 100  |U FAD Fakulta architektúry  |T FA Ústav dejín a teórie architektúry a obnovy pamiatok  |X 77088  |U A3130  |Y 394  |7 77088 
242 0 1 |a Late modernism in the Slovak spa localities  |y eng 
245 1 0 |a Architektonické a urbanistické koncepcie modernizmu a tradičné mesto. Neskorý modernizmus v prostredí slovenských kúpeľov. 
260 |c 2019  |a Bratislava 
300 |a 167 s. 
650 4 |a neskorý modernizmus  |2 slo 
650 4 |a architektúra  |2 slo 
650 4 |a kúpele  |2 slo 
650 4 |a architecture  |2 eng 
650 4 |a post-war modernism  |2 eng 
650 4 |a healing spa resorts  |2 eng 
700 1 |a Moravčíková, Henrieta  |u 053130  |k Z1  |4 ths  |U FAD Fakulta architektúry  |T FA Ústav dejín a teórie architektúry a obnovy pamiatok  |X 36576  |U A3130  |Y 394  |7 36576 
856 4 |u http://is.stuba.sk/zp/portal_zp.pl?podrobnosti=120123  |u https://opac.crzp.sk/?fn=detailBiblioForm&sid=8FB2D940AC6DC9A37C81AD876A0C 
996 |b 284AU08111  |c A* 11376/V  |l AAKNST  |s P  |a 0  |w stuzp49163_0001